000 00217nam a2200097Ia 4500
008 240331s9999 xx 000 0 und d
082 _bARU
100 _aArunachalam, K
245 0 _aMalayaka Thamil ilakkiyam
942 _cL
999 _c3861
_d3861